000 01192nam a2200229Ia 4500
001 7335
005 20260331104202.0
008 260306t2010||||xx |||||||||||||| ||spa||
041 _aESP
082 _a338.5
_bR41
100 _aRendón, Jorge Alberto
_eAUT
245 0 _aMicroeconomía matemática básica:
_bguía aplicada de conceptos, instrumentos matemáticos y problemas
260 _c2010
300 _a661 páginas :
_c24 cm.
650 _aGEN
654 _aCAN
856 _uhttps://itmsp.museknowledge.com/UCSP?url=https://www.ebooks7-24.com:443/?il=19054&pg=1
_zVéase además: Microeconomía: fundamentos teóricos, matemáticos y aplicaciones, por Rendón Vélez, Jorge Alberto. Versión digital
856 _uhttps://0u213usws-y-https-ebooks7--24-com.itmsp.museknowledge.com/biblioteca.aspx
_zVéase además: Base de datos Ebook7-24
856 _uhttps://0u20fusx4-y-https-research-ebsco-com.itmsp.museknowledge.com/c/qxo6us/search
_zVéase además: Base de datos EBSCOhost
856 _uhttps://0u20vusx5-y-https-ebookcentral-proquest-com.itmsp.museknowledge.com/lib/catolicasp/home.action
_zVéase además: Base de datos ProQuest Ebook Central
942 _cLIB
_dJUS
_fJUS
_2ddc
999 _c7335
_d7335